Modelovanie vybraných indikátorov trvalo udržateľného rozvoja v kontexte Európskej únie zborník vedeckých statí z riešenia vedeckého grantu IGPM 2317122/2010 na Ekonomickej univerzite v Bratislave v redakcii Ľubice Hurbánkovej

Salvato in:
Dettagli Bibliografici
Ente Autore: Fakulta hospodárskej informatiky EU. Katedra štatistiky
Altri autori: Hurbánková, Ľubica, 1980-, Cár, Mikuláš, Olexa, Milan
Natura: Libro
Lingua:slovacco
inglese
Pubblicazione: Bratislava Vydavateľstvo EKONÓM 2011
Soggetti:
Tags: Aggiungi Tag
Nessun Tag, puoi essere il primo ad aggiungerne!!

MARC

LEADER 00000nam a2200000 4500
001 0145573
005 20240502072625.7
020 |a 978-80-225-3322-5 
041 0 |a slo 
041 0 |a eng 
044 |a SK 
245 1 0 |a Modelovanie vybraných indikátorov trvalo udržateľného rozvoja v kontexte Európskej únie  |b zborník vedeckých statí z riešenia vedeckého grantu IGPM 2317122/2010 na Ekonomickej univerzite v Bratislave v redakcii Ľubice Hurbánkovej  |c zodpovedná redaktorka Ľubica Hurbánková 
264 1 |a Bratislava  |b Vydavateľstvo EKONÓM  |c 2011 
300 |a 93 s. 
610 2 0 |a rozvoj trvalo udržateľný 
610 2 0 |a modelovanie 
610 2 0 |a Európska únia 
610 2 0 |a zamestnanosť 
610 2 0 |a prognózy 
610 2 0 |a Slovensko 
610 2 0 |a produkt domáci hrubý 
700 1 |a Hurbánková, Ľubica, 1980- 
700 1 |a Cár, Mikuláš 
700 1 |a Olexa, Milan 
710 2 |a Fakulta hospodárskej informatiky EU. Katedra štatistiky